Músicos célebres: 99 biografías cortas

שמור ב:
מידע ביבליוגרפי
מחבר ראשי: Davalillo, M (Author)
פורמט: ספר
שפה:ספרדית
יצא לאור: Barcelona Juventud 1980
מהדורה:10a. ed
נושאים:
תגים: הוספת תג
אין תגיות, היה/י הראשונ/ה לתייג את הרשומה!

MARC

LEADER 00000nam a2200000 a 4500
001 UCN1117
003 CL-VaPUC
008 010420e19800000SP |||||||||||||||||spa|d
082 0 4 |a 927.8  |b DAV  |2 21 
100 0 |a Davalillo, M  |e author  |9 456515 
245 1 0 |a Músicos célebres: 99 biografías cortas 
250 |a 10a. ed 
300 |a 240 p 
942 |c BK 
945 |d 20010420 00:00:00  |a crobeson 
260 |a Barcelona  |b Juventud  |c 1980 
650 0 |a Músicos  |9 306340 
650 0 |a Biobibliografías  |9 412305 
583 |a last modification  |c 20010420 00:00:00  |k Rodrigo Vera 
999 |c 294694  |d 294692 
952 |0 0  |1 0  |4 0  |6 927_800000000000000_DAV_1980  |7 0  |8 F  |9 347383  |a BIBEDU  |b BIBEDU  |d 2019-11-20  |i 1248170  |o 927.8 DAV 1980  |p 1248170  |r 2023-01-12  |w 2019-11-20  |y BK_F  |k MUS